01098cam a2200289 a 450000100090000000300090000900500170001800800410003502000180007604000380009408200220013210000330015424500720018726400520025930000470031133600260035833700280038433800270041250400510043965000700049065100100056065300230057065500240059394200120061799900170062995201620064612778752EG-ScBUE20220403111949.0020517s2002 enka f b 001 0 eng d a9780521016759 aDLCbengerdacDLCdDLCdEG-ScBUE04a822.9109222bINN1 aInnes, C. D,eauthor.93074110aModern British drama :bthe twentieth century /cChristopher Innes. 1aCambridge :bCambridge University Press,c2002. axxvii, 572 pages :billustrations ;c24 cm 2rdacontentatextbtxt 2rdamediaaunmediatedbn 2rdacarrieravolumebnc aIncludes bibliographical references and index. 7aEnglish dramaxHistory and criticismy20th century.9307422BUEsh 2BUEsh cJuly2012bHHUUEENN vReading book934232 2ddccBB c16908d16908 00102ddc40708BaccahaMAINbMAINc2NDd2012-07-19epurchaseg330.00h15359l2m1o822.9109 INNp000027027r2025-07-15 00:00:00s2022-05-19w2012-07-19yBB